Vplyv regulácie na dopyt po poistení diplomová práca

Na minha lista:
Detalhes bibliográficos
Autor principal: Junas, Pavol
Autor Corporativo: Národohospodárska fakulta EU. Katedra poisťovníctva
Outros Autores: Brokešová, Zuzana, 1985-
Formato: Livro
Idioma:eslovaco
Publicado em: Bratislava 2017
Tags: Adicionar Tag
Sem tags, seja o primeiro a adicionar uma tag!

MARC

LEADER 00000nbm a2200000 4500
001 0231940
005 20240913102142.1
041 0 |a slo 
044 |a SK 
245 1 0 |a Vplyv regulácie na dopyt po poistení  |b diplomová práca  |c Pavol Junas ; školiteľ: Zuzana Brokešová 
264 1 |a Bratislava  |c 2017 
300 |a 53 s. 
100 1 |a Junas, Pavol 
700 1 |a Brokešová, Zuzana, 1985- 
710 2 |a Národohospodárska fakulta EU. Katedra poisťovníctva